000 00885nam a22002057a 4500
005 20080922101333.0
008 080922t xxu||||| |||| 00| 0 eng d
020 _c269.00
_a978-81-7515-600-5
037 _bGalgotia Publications
040 _adpl
_bEnglish
082 _a000
100 _aKarna, Satish K.
245 _aMTNL J T O recruitment exam. objective questions with detailed answers /
_cby Satish K. Karna
260 _aNew Delhi
_bGalgotia Publications
_c2009
270 _a5, Ansari Road, Darya Ganj
_bNew Delhi
_e110002
_k23263334, 23288134
_l23281909
_mgppl@indiatimes.com
300 _avi, 576p
_c25cm (pbk)
942 _2ddc
_cEN
_mKAR
_h000
999 _c24225
_d24225